Coral's Premier Book of Precis Writing Drafting & Report Writing/ (Record no. 186855)
[ view plain ]
| 000 -LEADER | |
|---|---|
| fixed length control field | 00635nam a22001817a 4500 |
| 005 - DATE AND TIME OF LATEST TRANSACTION | |
| control field | 20220321151509.0 |
| 010 ## - LCCN (DPL NO) | |
| LC control number | ENG-132048 |
| 020 ## - INTERNATIONAL STANDARD BOOK NUMBER | |
| International Standard Book Number | 9789387234956 |
| Terms of availability | 150.00 |
| 035 ## - SYSTEM CONTROL NUMBER | |
| System control number | EN-115580 |
| 037 ## - SOURCE OF ACQUISITION | |
| Source of stock number/acquisition | DBAD |
| 082 ## - DEWEY DECIMAL CLASSIFICATION NUMBER | |
| Classification number | 485 |
| 245 ## - TITLE STATEMENT | |
| Title | Coral's Premier Book of Precis Writing Drafting & Report Writing/ |
| Statement of responsibility, etc | Edited by Shrinivasan, S. |
| 260 ## - PUBLICATION, DISTRIBUTION, ETC. (IMPRINT) | |
| Place of publication, distribution, etc | Chennai |
| Name of publisher, distributor, etc | Unique Media Integrators |
| Date of publication, distribution, etc | 2019 |
| 270 ## - ADDRESS | |
| Address | #8, 6th Cross, 8th Main Road, Vaishnavi Nagar, Thirumullaivoyal |
| City | Chennai |
| Postal code | 600109 |
| Electronic mail address | coralbooks2016@gmail.com |
| 300 ## - PHYSICAL DESCRIPTION | |
| Extent | 192p |
| Dimensions | 21cm(pbk) |
| 700 ## - ADDED ENTRY--PERSONAL NAME | |
| Personal name | Edited by S, Shrinivasan |
| 942 ## - ADDED ENTRY ELEMENTS (KOHA) | |
| Source of classification or shelving scheme | Dewey Decimal Classification |
| Item type | English Books |
| Classification part | 485 |
| Call number suffix | SHR |
| Withdrawn status | Lost status | Not for loan | Collection code | Home library | Current library | Date acquired | Source of acquisition | Cost, normal purchase price | Full call number | Barcode | Copy number | Cost, replacement price | Koha item type |
|---|---|---|---|---|---|---|---|---|---|---|---|---|---|
| Non-fiction | Patel Nagar | Patel Nagar | 21/03/2022 | DBAD/PUB | 150.00 | 485 SHR | EN-115580 | 1 | 150.00 | English Books |
